| 000 | 00773nam a2200229Ia 4500 | ||
|---|---|---|---|
| 003 | GCL | ||
| 008 | 140319s9999 xx 000 0 ara d | ||
| 040 |
_aGCL / _cGCL |
||
| 082 | 0 | 4 |
_a327.1011 _bغ ا |
| 100 | 1 | _aسهيل زكار | |
| 245 | 1 | 0 |
_aالانحياز: علاقة امريكا السرية مع دولة اسرائيل العسكرية / _cسهيل زكار |
| 700 | 1 | _aغرين، ستيفن | |
| 300 | _a463 ص | ||
| 490 |
_aالهيئة العامة للاستعلامات _v0 |
||
| 650 | 0 | 4 | _aالعلاقات الخارجية |
| 650 | 0 | 4 | _aالدبلوماسية |
| 650 | 0 | 4 | _aالحرب والسلام |
| 650 | 0 | 4 | _aالجهاد |
| 650 | 0 | 4 | _aاسرائيل - العلاقات الخارجية |
| 650 | 0 | 4 | _aحرب السويس |
| 942 |
_2ddc _cBK |
||
| 999 |
_c51056 _d51056 |
||